|
|
|
|
| LEADER |
00000nam2a2200000 4500 |
| 001 |
291010 |
| 005 |
20241220102316.0 |
| 035 |
|
|
|a (RuTPU)RU\TPU\book\315572
|
| 035 |
|
|
|a RU\TPU\book\300564
|
| 035 |
|
|
|a RU\TPU\book\305620
|
| 090 |
|
|
|a 291010
|
| 100 |
|
|
|a 20141201d1983 k y0rusy5003 ca
|
| 101 |
0 |
|
|a rus
|
| 102 |
|
|
|a RU
|
| 105 |
|
|
|a a z 001zy
|
| 200 |
0 |
|
|a Вып. 6: (Исследования и материалы)
|
| 210 |
|
|
|d 1983
|
| 215 |
|
|
|a 232 с.
|c ил.
|
| 320 |
|
|
|a Библиография в примечаниях
|
| 461 |
|
1 |
|0 (RuTPU)RU\TPU\book\300483
|t Русский город
|o [историко-методологический сборник]
|o [в 9 вып.]
|f под ред. В. Л. Янина
|v Вып. 6: (Исследования и материалы)
|d 1976-
|
| 606 |
|
|
|a Город в России
|x История
|9 82886
|
| 610 |
1 |
|
|a историография
|
| 610 |
1 |
|
|a источниковедение
|
| 610 |
1 |
|
|a исторические источники
|
| 610 |
1 |
|
|a социальное развитие
|
| 610 |
1 |
|
|a демографическое развитие
|
| 610 |
1 |
|
|a 16 век
|
| 610 |
1 |
|
|a 17 век
|
| 610 |
1 |
|
|a 18 век
|
| 675 |
|
|
|a 9(470)
|
| 686 |
|
|
|a Т3(2)-2
|2 rubbk
|
| 801 |
|
1 |
|a RU
|b 63413507
|c 20150410
|
| 801 |
|
2 |
|a RU
|b 63413507
|c 20170410
|g RCR
|
| 942 |
|
|
|c CR
|